000 00599nam a2200241Ia 4500
003 OSt
005 20221005053140.0
006 a|||||r|||| 00| 0
007 ta
008 221004b |||||||| |||| 00| 0 eng d
024 _a56324
037 _cTextual
040 _aCRL
_cCRL
_beng
041 _2eng
_aeng
082 _aT9(Y4), M4
100 _aBall Ben
_9597211
245 0 _aCareers counselling in practice
260 _aLondon
_bFalmer
_c1984
300 _a184p.
_ccm.
650 _aEDUCATION
942 _hT9(Y4), M4
_cTEXL
_2cc
999 _c961522
_d961522